Welcome to CU Library Online Public Access Catalogue (OPAC)

CONTEMPORARY MARKETING (Record no. 8599)

MARC details
000 -LEADER
fixed length control field 00414nam a2200181 4500
005 - DATE AND TIME OF LATEST TRANSACTION
control field 20260117081459.0
008 - FIXED-LENGTH DATA ELEMENTS--GENERAL INFORMATION
fixed length control field CU45
020 ## - INTERNATIONAL STANDARD BOOK NUMBER
International Standard Book Number 0030185971
050 ## - LIBRARY OF CONGRESS CALL NUMBER
Classification number HF5415BOO
100 ## - MAIN ENTRY--PERSONAL NAME
Personal name LOUIS E. BOONE
245 ## - TITLE STATEMENT
Title CONTEMPORARY MARKETING
250 ## - EDITION STATEMENT
Edition statement 9TH ED.
260 ## - PUBLICATION, DISTRIBUTION, ETC.
Place of publication, distribution, etc. NEW YORK
Name of publisher, distributor, etc. DRYDEN PRESS
Date of publication, distribution, etc. 1998
300 ## - PHYSICAL DESCRIPTION
Extent XXXIII,,742p.ILLUS.,TABLES
500 ## - GENERAL NOTE
General note INDEX
700 ## - ADDED ENTRY--PERSONAL NAME
Personal name DAVID L. KURTZ
942 ## - ADDED ENTRY ELEMENTS (KOHA)
Source of classification or shelving scheme Library of Congress Classification
Koha item type Books
Suppress in OPAC No
999 ## -
-- 8599
-- 8599
Holdings
Withdrawn status Lost status Source of classification or shelving scheme Damaged status Not for loan Home library Current library Date acquired Total checkouts Full call number Barcode Date last seen Copy number Price effective from Koha item type
    Library of Congress Classification     Graduate Library (Christ Temple) Graduate Library (Christ Temple) 01/17/2026   HF5415BOO gsct00001945 01/17/2026 1 01/17/2026 Books
    Library of Congress Classification     Graduate Library (Christ Temple) Graduate Library (Christ Temple) 01/17/2026   HF5415BOO gsct00001946 01/17/2026 2 01/17/2026 Books
    Library of Congress Classification     Graduate Library (Christ Temple) Graduate Library (Christ Temple) 01/17/2026   HF5415BOO gsct00001947 01/17/2026 3 01/17/2026 Books
    Library of Congress Classification     Graduate Library (Christ Temple) Graduate Library (Christ Temple) 01/17/2026   HF5415BOO gsct00001948 01/17/2026 4 01/17/2026 Books
    Library of Congress Classification     Graduate Library (Christ Temple) Graduate Library (Christ Temple) 01/17/2026   HF5415BOO gsct00001949 01/17/2026 5 01/17/2026 Books
© 2023-2024 Copyright: Central University Libraries. All Rights Reserved | Created by: Mahone Tech Office